Women, creators of culture

Αποθηκεύτηκε σε:
Λεπτομέρειες βιβλιογραφικής εγγραφής
Άλλοι συγγραφείς: Γεωργουδάκη, Αικατερίνη (Επιμελητής έκδοσης), Παστουρματζή, Δόμνα (Επιμελητής έκδοσης)
Μορφή: Βιβλίο
Γλώσσα:English
Δημοσίευση: Thessaloniki : Hellenic Association of American Studies, 1997
Σειρά:Αμερικανικές σπουδές στην Ελλάδα ; ; 3
Θέματα:
Ετικέτες: Προσθήκη ετικέτας
Δεν υπάρχουν, Καταχωρήστε ετικέτα πρώτοι!

MARC

LEADER 00000nam a2200000 i 4500
001 1/25362
008 060301s1997 eng d
020 |a 960-7885-00-7 
035 |l 10082894 
040 |a GR-MY-UA  |b gre  |e aacr 
041 0 |a eng 
082 0 |a 305.4  |2 (22) 
245 1 0 |a Women, creators of culture /  |c editors Ekaterini Georgoudaki and Domnna Pastourmatzi 
260 |a Thessaloniki :   |b Hellenic Association of American Studies,   |c 1997 
300 |a 336 σ.;  |b εικ.;  |c 24 εκ. 
490 1 |a American studies in Greece  |v ; 3 
504 |a Περιέχει βιβλιογραφία 
650 0 0 |a Women  |x Congresses. 
650 0 0 |a Culture  |x Congresses. 
650 0 0 |a Women authors  |x Congresses. 
650 0 0 |a Creation (Literary, artistic, etc.)  |x Congresses. 
700 1 |a Γεωργουδάκη, Αικατερίνη.  |4 edt 
700 1 |a Παστουρματζή, Δόμνα.  |4 edt 
830 0 |a Αμερικανικές σπουδές στην Ελλάδα ;  |v ; 3 
852 |a INST  |b LESVOS  |e 20060301  |h 305.4 WOM  |p 005100034647  |q 005100034647  |t BK  |y 0 
901 |a BIBL1-2006-3 
909 |a Λ  |b 126020 
920 |a ΕΠΕΑΕΚ ΠΜΣ ΓΥΝΑΙΚΕΣ KAI ΦΥΛΑ  |y ΛΕΣΒΟΣ  |z 2004-05 
970 |a ΚΑΡΑ  |b ΓΙΑΣΕΜΗ  |z 2006/03/01